000
00316nam a2200109Ia 4500
008
171211s9999 xx 000 0 und d
245
_a
10 tricks to make amatuer video look professional : book 2
245
_c
Danny Yann
260
_c
2017
650
_x
cinema
856
_u
http://down.ebook777.com/063/B01MTAMURK.pdf
999
_c
348735
_d
348735